| 000 | 00429nam a22001817a 4500 | ||
|---|---|---|---|
| 999 |
_c57287 _d57287 |
||
| 005 | 20200207122634.0 | ||
| 008 | 200207s1988 enk||||| |||| 00| 0 eng d | ||
| 020 | _a0024042523 | ||
| 041 | _aeng | ||
| 080 | _a517 R-87 | ||
| 100 |
_aROYDEH, H.L. _96869 |
||
| 245 | _aReal Analysis. | ||
| 264 | _c1988. | ||
| 300 | _a444 p. | ||
| 653 | _aმათემატიკა | ||
| 653 | _aანალიზი | ||
| 942 |
_2udc _cBK |
||